Origins of the common law /

Bibliographic Details
Main Author: Hogue, Arthur R. (Arthur Reed), 1906-1986
Format: Book
Language:English
Published: Indianapolis : Liberty Press, 1986
Subjects:

MARC

Tag First Indicator Second Indicator Subfields
LEADER 00000cam a2200000 a 4500
001 in00001398713
005 20151020053735.0
008 850702r19861966inu b 001 0 eng
010 |a  85015949  
020 |a 086597053X 
020 |a 0865970548 (pbk.) 
035 |a (OCoLC)12314724 
035 |9 AHM9223AM 
040 |a DLC  |c DLC  |d TXA  |d UtOrBLW 
043 |a e-uk--- 
049 |a TXAM 
050 0 0 |a KD671  |b .H63 1985 
082 0 0 |a 349.42  |a 344.2  |2 19 
100 1 |a Hogue, Arthur R.  |q (Arthur Reed),  |d 1906-1986. 
245 1 0 |a Origins of the common law /  |c Arthur R. Hogue. 
264 1 |a Indianapolis :  |b Liberty Press,  |c 1986 
264 4 |c ©1966 
300 |a xvi, 271 pages ;  |c 22 cm. 
336 |a text  |b txt  |2 rdacontent 
337 |a unmediated  |b n  |2 rdamedia 
338 |a volume  |b nc  |2 rdacarrier 
500 |a Reprint. Originally published: Bloomington : Indiana University Press, 1966. 
504 |a Includes bibliographical references and index. 
650 0 |a Common law. 
650 0 |a Law  |z Great Britain  |x History. 
948 |a c:cer  |d 20041105 
999 |a MARS 
999 f f |s 8ac551f2-7160-3ad0-8ae5-3bd5a6a5d380  |i 1abe67da-31cd-3552-8587-0f89d65b76b6  |t 0 
952 f f |p ric  |a Texas A&M University  |b Rellis Campus  |c Joint Library Facility  |d Remote Storage  |t 0  |e KD671 .H63 1986  |h Library of Congress classification  |i unmediated -- volume  |m A14823725189 
998 f f |a KD671 .H63 1986  |t 0  |l Remote Storage